000 00627nam a22001817a 4500
010 _aENG-120665
020 _a9788180642401
_c500.00
035 _aEN-104197
037 _bDBAD/PUB
082 _a954.14
245 _aAwaking in bengal in early nineteenth century :
_cedited by Goutam Chattopadhyay; foreword by Sabyasachi Bhattacharya
_bselect documents /
260 _aKolkata
_bProgressive publishers
_c2016
270 _a37A, College Street,
_bKolkata
_e700073
300 _a536p.
_b23cm(Hb).
700 _aChattopadhyay, Goutam
700 _aBhattacharya, Sabyasachi
942 _2ddc
_cEN
_h954.14
_mAWA
999 _c144565
_d144565